[Event "Hoogovens"]
[Site "Wijk aan Zee"]
[Date "1984.01.13"]
[Round "1"]
[White "Tukmakov, Vladimir B"]
[Black "Miles, Anthony John"]
[Result "1/2-1/2"]
[WhiteElo "2550"]
[BlackElo "2565"]
[Annotator "Bulletin"]
[PlyCount "112"]
[EventDate "1984.01.13"]
[EventType "tourn"]
[EventRounds "13"]
[EventCountry "NED"]
[EventCategory "13"]
[SourceTitle "MCL"]
[Source "ChessBase"]
[SourceDate "1999.07.01"]
[SourceVersion "1"]
[SourceVersionDate "1999.07.01"]
[SourceQuality "1"]

1. d4 Nf6 2. Nf3 b6 3. c4 e6 4. g3 Bb4+ 5. Bd2 Bxd2+ 6. Qxd2 Ba6 7. b3 c6 8.
Bg2 d5 9. Nc3 Nbd7 (9... O-O) 10. Ne5 Nxe5 11. dxe5 Nd7 12. f4 Qe7 13. O-O O-O
14. Rfd1 Rfd8 {/\ dxc4} 15. cxd5 cxd5 16. e4 d4 $1 (16... Qc5+ 17. Qd4 $1 $16)
(16... dxe4 17. Qe3 $14) 17. Qxd4 Rac8 $44 (17... Nc5 18. Qe3 (18. Qb4 $5)
18... Nd3 $44) 18. Qe3 (18. Rac1 Nc5) 18... Qb4 (18... Nc5) 19. Ne2 (19. Na4 $5
) 19... Nc5 20. Rxd8+ Rxd8 21. Qc3 Qxc3 $1 22. Nxc3 Kf8 $15 {_|_} 23. b4 (23.
Bf1 Bxf1 24. Rxf1) 23... Nd3 24. b5 Rc8 $1 25. bxa6 Rxc3 26. Bf1 Nc5 $17 27.
Rd1 Ke7 28. Bb5 Ra3 29. Rd2 (29. Rd6 Rxa2 30. Rc6 Ra5 $19) 29... g6 30. Kg2 Kf8
31. Rd8+ $8 Kg7 32. Ra8 Rxa2+ 33. Kf3 Ra3+ 34. Kg2 Ra5 35. Bf1 Nxa6 36. Rxa7
Nc5 37. Rxa5 $6 (37. Rc7 $17) 37... bxa5 38. Kf3 g5 $5 (38... a4 39. Ke3 a3 40.
Bc4 Na6 41. Kd2 Nb4 42. Kc3) 39. fxg5 (39. Ke3) 39... Nd7 (39... a4 $142 40.
Ke3 Nb3 41. Bc4 Na5 42. Ba2 Nc6 43. Kd2 Kg6 $19) 40. Bb5 $1 Nxe5+ 41. Kf4 Ng6+
42. Ke3 Kf8 43. Kd4 Ke7 44. e5 $2 (44. Ba4) 44... Kf8 $1 45. Ba4 Kg7 46. Bc2
Ne7 47. Kc5 Nf5 $2 (47... Nd5 $1 48. Kd4 $1 $8 (48. Kb5 Ne3 $19) 48... Nb4 49.
Ba4 Kg6 50. h4 Kg7 51. Be8 Nd5 52. Ba4 (52. Bc6 Ne7 $19 {/\ Nf5}) 52... Nb6 $19
) 48. Bxf5 $3 $10 exf5 49. Kb5 Kg6 (49... Kf8 50. Kxa5 Ke7 51. Kb5 Ke6 52. Kc6
$10) 50. h4 Kh5 51. Kxa5 f4 (51... Kg4 52. Kb5 f4 53. gxf4 Kxf4 54. Kc6 Kxe5
55. Kd7 $10) 52. gxf4 Kxh4 53. f5 $1 Kxg5 54. e6 Kf6 55. Kb5 h5 56. Kc5 $1 fxe6
(56... h4 57. Kd6) 1/2-1/2

[Event "USA-ch"]
[Site "Long Beach"]
[Date "1993.??.??"]
[Round "5"]
[White "Fedorowicz, John P"]
[Black "Ivanov, Alexander"]
[Result "1-0"]
[WhiteElo "2545"]
[BlackElo "2535"]
[Annotator "Bulletin"]
[PlyCount "79"]
[EventDate "1993.12.??"]
[EventType "tourn"]
[EventRounds "11"]
[EventCountry "USA"]
[EventCategory "14"]
[SourceTitle "CBM 039"]
[Source "ChessBase"]
[SourceDate "1994.04.01"]
[SourceVersion "1"]
[SourceVersionDate "1994.04.01"]
[SourceQuality "1"]

1. d4 Nf6 2. c4 e6 3. Nf3 b6 4. g3 Ba6 5. b3 {This has been a popular line for
White ever since the 1984/85 Kasparov - Karpov marathon.} Bb4+ 6. Bd2 Be7 7.
Bg2 c6 8. Bc3 d5 {A highly topical line at the moment.} 9. Ne5 Nfd7 10. Nxd7
Nxd7 11. Nd2 O-O (11... f5 12. a4 O-O 13. b4 Rc8 14. Qb3 Nf6 15. O-O Ne4 16.
cxd5 cxd5 17. Bxe4 fxe4 18. b5 Bb7 19. Bb4 {was better for White in
Soffer-Unzicker, Budapest 1993.}) 12. O-O b5 (12... Rc8 {is the main line.} 13.
e4 (13. Re1 c5 14. cxd5 exd5 15. a3 Nf6 {was agreed drawn in Vyzmanavin-Karpov,
Leon 1993.}) 13... c5 14. exd5 exd5 15. dxc5 dxc4 16. c6 cxb3 17. Re1 $1 Bb5
18. axb3 Bxc6 (18... a5 19. Rc1 Nc5 20. Qg4 Bf6 21. Bxf6 Qxf6 22. Ne4 Qd4 23.
Red1 Bd3 24. Rxc5 $1 {led to unclear complications in Ftacnik-Sax, Budapest
Zonal 1993.}) 19. Bxc6 Rxc6 20. Rxa7 Bf6 (20... Nf6 21. Qf3 Qd5 22. Rexe7 Qxf3
23. Nxf3 Rxc3 24. Ng5 Rxb3 25. Nxf7 $16 {was played in Karpov-Korchnoi,
Tilburg 1991.}) 21. Nc4 Bxc3 (21... Nc5 22. Qxd8 Rxd8 23. Bxf6 Rxf6 24. b4 $14
{Karpov-Belyavsky, Linares 1993.}) 22. Rxd7 Qc8 23. Re3 Bf6 24. Qd5 {was
slightly better for White in Khalifman-Van der Wiel, Ter Apel 1993.}) 13. Re1
bxc4 (13... f5 14. e3 Bb7 15. a4 b4 16. Bb2 a5 {was eventually drawn in
Gonzalez-Braude, New York Open 1993.}) 14. bxc4 Nb6 15. c5 {A very commital
move, but a safe one since the light squares in the center are easily
controlled.} Nc4 16. Nb3 $1 {A new move, as far as I know, and a powerful one.}
f5 17. e3 Rb8 18. Nc1 e5 19. dxe5 Bxc5 20. Nd3 Ba3 21. Qc2 Qe7 22. Rab1 Bb5 23.
Ba1 a5 24. Qc3 Rbd8 25. h4 Qe8 26. Red1 Be7 27. Qd4 Na3 28. Rbc1 Bc4 29. e6 Bf6
30. Qc5 Be7 31. Qxa5 Ra8 32. Qe1 Bxd3 33. Rxd3 Nc4 {Now Fed demolished Black's
position with a fine sacrifice.} 34. Rxc4 $1 dxc4 35. Rd7 $1 Ra6 36. Qc3 Bf6
37. Qxc4 Ra8 {[#]} 38. e7+ Rf7 39. Qxc6 Bxa1 40. Qxa8 $1 1-0

[Event "URS-ch46 First League"]
[Site "Ashkhabad"]
[Date "1978.??.??"]
[Round "17"]
[White "Kochyev, Alexander"]
[Black "Razuvaev, Yuri S"]
[Result "1/2-1/2"]
[WhiteElo "2555"]
[BlackElo "2460"]
[Annotator "Bulletin"]
[PlyCount "40"]
[EventDate "1978.10.??"]
[EventType "tourn"]
[EventRounds "17"]
[EventCountry "URS"]
[EventCategory "10"]
[SourceTitle "MCL"]
[Source "ChessBase"]
[SourceDate "1999.07.01"]
[SourceVersion "1"]
[SourceVersionDate "1999.07.01"]
[SourceQuality "1"]

1. Nf3 Nf6 2. c4 e6 3. g3 b6 4. Bg2 Bb7 5. O-O Be7 6. d4 O-O 7. Nc3 d5 8. cxd5
exd5 9. Ne5 Na6 10. Be3 (10. Nd3 $5 {P f4}) 10... c5 11. Rc1 Ne4 12. Nxe4 dxe4
13. dxc5 Bxc5 14. Bxc5 Nxc5 15. b4 Ne6 16. Nc6 Qe8 17. Bxe4 Nd8 $1 $10 18. Qc2
Nxc6 19. Bxc6 Bxc6 20. Qxc6 Qxe2 (20... Qxe2 21. Rc2 {Browne-Tal,M/Las Palmas/
1977/1/2-1/2/21/}) 1/2-1/2

[Event "URS-ch46 First League"]
[Site "Ashkhabad"]
[Date "1978.??.??"]
[Round "6"]
[White "Beliavsky, Alexander G"]
[Black "Razuvaev, Yuri S"]
[Result "1-0"]
[WhiteElo "2545"]
[BlackElo "2460"]
[Annotator "Bulletin"]
[PlyCount "71"]
[EventDate "1978.10.??"]
[EventType "tourn"]
[EventRounds "17"]
[EventCountry "URS"]
[EventCategory "10"]
[SourceTitle "MCL"]
[Source "ChessBase"]
[SourceDate "1999.07.01"]
[SourceVersion "1"]
[SourceVersionDate "1999.07.01"]
[SourceQuality "1"]

1. d4 Nf6 2. c4 e6 3. Nf3 b6 4. g3 Bb4+ 5. Bd2 Bxd2+ 6. Qxd2 Ba6 7. Qc2 c5 8.
e4 cxd4 9. Nxd4 O-O 10. Nc3 Bb7 11. O-O-O a6 12. Rg1 Qc7 13. f4 Nc6 14. Nxc6
Bxc6 15. e5 Ng4 16. Bd3 f5 $2 (16... Ne3 $1 17. Bxh7+ Kh8 18. Qe2 Nxd1 19. Qh5
Bf3 $1 20. Qh3 Bg4 $1 21. Qh4 Qd8 $1 22. Qxg4 Kxh7 23. Rxd1 $44) 17. Rge1 Rac8
18. h3 Nh6 19. Kb1 b5 20. cxb5 axb5 21. Qb3 b4 22. Qxb4 Rb8 23. Bb5 Rfc8 24. a4
Nf7 25. Rd2 Rb7 26. Red1 h6 27. Rd4 Bxb5 28. axb5 Qb6 29. Rxd7 $18 Rxd7 30.
Rxd7 Qg1+ 31. Ka2 Ra8+ 32. Kb3 Qxg3 33. b6 Rb8 34. b7 Qe3 35. Qa5 Qxf4 36. Rxf7
1-0

[Event "BCF-ch 79th"]
[Site "Plymouth"]
[Date "1992.??.??"]
[Round "11"]
[White "Hebden, Mark"]
[Black "Arkell, Keith C"]
[Result "1/2-1/2"]
[WhiteElo "2510"]
[BlackElo "2460"]
[Annotator "Bulletin"]
[PlyCount "83"]
[EventDate "1992.08.??"]
[EventType "swiss"]
[EventRounds "11"]
[EventCountry "ENG"]
[SourceTitle "CBM 030 Extra"]
[Source "ChessBase"]
[SourceDate "1992.11.01"]
[SourceVersion "1"]
[SourceVersionDate "1992.11.01"]
[SourceQuality "1"]

1. d4 Nf6 2. Nf3 e6 3. c4 b6 4. g3 Ba6 5. b3 b5 6. cxb5 Bxb5 7. Bg2 c5 8. O-O
Bc6 9. Ba3 Na6 10. Qd2 Be7 11. Rc1 $1 cxd4 12. Bxe7 (12. Rxc6 dxc6 13. Ne5 Bxa3
14. Bxc6+ $16 {[ Commentary room ]}) 12... Qxe7 13. Qa5 Nb4 14. Rc4 $1 (14. a3
Bxf3 15. Bxf3 Nbd5 $13) 14... Bxf3 15. Bxf3 Nbd5 16. Rxd4 Qd8 $6 17. Qd2 $14 {
[ x d7 ]} Rb8 $2 (17... Rc8 {[ x c3 ]}) 18. e4 $1 $16 Ne7 19. e5 Nfd5 20. Bxd5
Nxd5 21. Nc3 Nxc3 22. Qxc3 O-O 23. Rad1 Rb7 24. Qd2 {[#]} Qe7 25. Rxd7 Rxd7 26.
Qxd7 Qa3 27. Rd2 h6 {[ At this point White's pieces dominate the board,
somehow the roles are soon reversed ]} 28. Kg2 a5 29. Rc2 Qb4 30. Rc4 Qe1 31.
Qd4 Qe2 32. Ra4 Rc8 $1 33. Qe4 (33. Rxa5 Rc1) 33... Qd2 34. Qf3 g6 35. Qb7 Rd8
36. Qb5 Rd5 37. Qe8+ Kg7 38. Rf4 Rd7 39. h4 Qd5+ 40. Kh2 Rc7 41. Qa4 Rc2 42.
Qe8 {[ 42..Rc7 43.Qa4 etc ]} 1/2-1/2

[Event "USA-ch"]
[Site "Greenville"]
[Date "1983.??.??"]
[Round "6"]
[White "Christiansen, Larry Mark"]
[Black "Browne, Walter Shawn"]
[Result "1/2-1/2"]
[WhiteElo "2520"]
[BlackElo "2540"]
[Annotator "Bulletin"]
[PlyCount "83"]
[EventDate "1983.07.??"]
[EventType "tourn"]
[EventRounds "13"]
[EventCountry "USA"]
[EventCategory "10"]
[SourceTitle "MCL"]
[Source "ChessBase"]
[SourceDate "1999.07.01"]
[SourceVersion "1"]
[SourceVersionDate "1999.07.01"]
[SourceQuality "1"]

1. d4 Nf6 2. c4 e6 3. Nf3 b6 4. g3 Ba6 5. b3 Bb4+ 6. Bd2 Be7 7. Nc3 c6 (7... d5
8. Bg2 c5) 8. e4 d5 9. e5 (9. Qe2 dxe4 10. Nxe4 Bb7 11. Bg2 c5 12. Nfg5) 9...
Ne4 10. Bd3 Nxc3 (10... Nxd2 $6 11. Qxd2 $14) 11. Bxc3 c5 12. dxc5 bxc5 13. Qe2
Bb7 14. O-O $1 (14. O-O-O d4 15. Bd2 Qc7) 14... d4 $6 (14... Qd7 15. cxd5 Qxd5
16. Kg2 O-O 17. Rad1 Qc6 18. Rfe1 $10) 15. Bd2 O-O 16. h4 $1 Nd7 17. Rae1 $2 (
17. Ng5 $1 Bxg5 (17... h6 18. Nh3) 18. hxg5 (18. Bxg5)) 17... Qc7 18. Be4 (18.
Ng5) 18... Rfe8 19. Qd3 Nf8 20. Bg5 (20. Nh2) 20... Bxe4 21. Rxe4 a5 22. Bxe7
Rxe7 23. a4 Rb8 24. Nd2 Qc6 (24... f5) 25. h5 h6 26. f4 Qb6 27. Re2 f5 28. Rg2
Qb4 29. Rf3 Rd8 30. g4 Qc3 31. Qf1 $1 (31. Qxc3 $2 dxc3 32. Rxc3 Rd4 $17) 31...
Qc2 $4 (31... d3 $1 32. Rfg3 {/\33.Qf3}) 32. Rfg3 (32. Rd3 Qb2 33. Nb1 (33. Ne4
) 33... Qa1 34. Qc1 {/\35.Rb2,36.Qc2,37.Ra2}) 32... d3 33. Qf3 Rd4 34. Kh2 Qc1
35. gxf5 (35. g5 hxg5 36. Rxg5 Qe1) 35... exf5 36. Qc6 Qe1 $1 (36... Rxf4 $2
37. Qf6 $1) (36... Ne6 37. Qxe6+) 37. Qf6 $2 (37. Qxh6 $1 Rdd7 38. Qf6 Rf7 39.
Qc6) 37... Rdd7 $1 38. Qxf5 (38. Qxh6 Ne6) 38... Rf7 39. Qg4 Kh8 $1 40. Rf3 Rd4
41. Qg3 Qxg3+ 42. Kxg3 $1 (42. Kxg3 Rf5 43. Rh2 Ne6 44. Rh4) 1/2-1/2

[Event "Oberliga Bayern 9495"]
[Site "Bayern"]
[Date "1995.??.??"]
[Round "?.2"]
[White "Kraeussling, Andreas"]
[Black "Farago, Ivan"]
[Result "0-1"]
[WhiteElo "2305"]
[BlackElo "2510"]
[Annotator "Bulletin"]
[PlyCount "64"]
[EventDate "1994.10.09"]
[EventType "team-tourn"]
[EventRounds "9"]
[EventCountry "GER"]
[SourceTitle "EXT 1999"]
[Source "ChessBase"]
[SourceDate "1998.11.16"]
[SourceVersion "1"]
[SourceVersionDate "1998.11.16"]
[SourceQuality "1"]
[WhiteTeam "Marktheidenfeld TV"]
[BlackTeam "Regensburg DJK"]
[WhiteTeamCountry "GER"]
[BlackTeamCountry "GER"]

1. d4 Nf6 2. c4 e6 3. Nf3 b6 4. g3 Ba6 5. b3 Bb4+ 6. Bd2 Be7 7. Bg2 d5 8. Nc3
c6 9. O-O O-O 10. cxd5 cxd5 11. a3 Nc6 12. b4 Bc4 13. b5 Na5 14. Ne5 Rc8 15.
Nxc4 Nxc4 16. Nb1 Qd7 17. a4 Rc7 18. Bc3 Rfc8 19. Ra2 Ne4 20. Be1 f5 21. Qd3
Bg5 22. f3 Ne3 (22... Ned6 $15) 23. fxe4 dxe4 24. Qd2 (24. Qb3 $142 Nxf1 25.
Kxf1 Qxd4 26. Qxe6+ $10) 24... Rc2 25. Rxc2 Rxc2 $17 26. Qb4 Rxe2 27. Bxe4 (27.
Bf2 Nxf1 28. Bxf1 Rc2 $17) 27... Be7 28. Bc6 Bxb4 29. Bxd7 Bxe1 30. Bxe6+ Kf8
31. Rf3 Bf2+ $3 32. Rxf2 Re1+ 0-1

[Event "Bugojno"]
[Site "Bugojno"]
[Date "1978.03.01"]
[Round "4"]
[White "Bukic, Enver"]
[Black "Tal, Mihail"]
[Result "1/2-1/2"]
[WhiteElo "2500"]
[BlackElo "2625"]
[Annotator "Bulletin"]
[PlyCount "56"]
[EventDate "1978.02.27"]
[EventType "tourn"]
[EventRounds "15"]
[EventCountry "YUG"]
[EventCategory "14"]
[SourceTitle "MCL"]
[Source "ChessBase"]
[SourceDate "1999.07.01"]
[SourceVersion "1"]
[SourceVersionDate "1999.07.01"]
[SourceQuality "1"]

1. d4 e6 2. c4 Nf6 3. Nf3 b6 4. g3 Ba6 5. b3 Bb4+ (5... d5 6. Bg2 c5 7. O-O Nc6
8. Bb2 Rc8 9. cxd5 exd5 10. Nc3 Be7 11. dxc5 bxc5 12. Rc1 O-O $10 {
Romanishin-Fernandez, Cienfuegos 1977}) 6. Bd2 Be7 7. Bg2 c6 8. O-O d5 9. Ne5
O-O 10. Bc3 Nfd7 11. Nxd7 Nxd7 12. Nd2 Rc8 13. e4 (13. Re1 f5 14. a4 Nf6 15. e3
Rc7 16. a5 {Remis. Korchnoi-Petrosian, cm (8) 1971}) 13... dxc4 $1 14. bxc4 b5
$1 15. Qc2 bxc4 16. Rfd1 Nf6 17. Rab1 $10 (17. a4 $5 {/\Qa2} c5 $5 18. d5 $13)
17... Rb8 18. Rxb8 Qxb8 19. Ba1 Qb5 20. Rb1 Qh5 21. Nxc4 Rc8 22. Ne5 Ng4 23.
Nxg4 Qxg4 24. Bc3 h5 25. Qd1 $6 $10 Qxd1+ 26. Rxd1 Bc4 27. Rb1 c5 28. d5 exd5
1/2-1/2

[Event "Bugojno"]
[Site "Bugojno"]
[Date "1978.03.14"]
[Round "14"]
[White "Miles, Anthony John"]
[Black "Larsen, Bent"]
[Result "1/2-1/2"]
[WhiteElo "2565"]
[BlackElo "2620"]
[Annotator "Bulletin"]
[PlyCount "177"]
[EventDate "1978.02.27"]
[EventType "tourn"]
[EventRounds "15"]
[EventCountry "YUG"]
[EventCategory "14"]
[SourceTitle "MCL"]
[Source "ChessBase"]
[SourceDate "1999.07.01"]
[SourceVersion "1"]
[SourceVersionDate "1999.07.01"]
[SourceQuality "1"]

1. d4 Nf6 2. Nf3 e6 3. c4 b6 4. g3 Bb4+ 5. Bd2 Bxd2+ 6. Qxd2 Ba6 7. b3 (7. Na3
Bb7 8. Bg2 O-O 9. O-O d6 10. Nh4 Bxg2 11. Nxg2 Nbd7 12. Rad1 c6 13. f3 d5 14.
Rc1 $14 {Taimanov-Larsen, Leningrad izt 1973}) 7... Bb7 (7... d5 8. Bg2 O-O 9.
Nc3 (9. cxd5 exd5 10. Nc3 c6 11. Ne5 Qd6 12. O-O Nbd7 13. f4 Rad8 14. Rfd1 Nb8
15. Rac1 Bc8 $10 {Petrosian-Larsen, Manila 1974}) 9... c5 10. Ne5 Bb7 11. O-O
Nbd7 12. Rfd1 Re8 13. Rac1 $14 {Waganian-Balashov, USSR-ch 1974}) 8. Bg2 O-O 9.
O-O d6 10. Nc3 Ne4 11. Nxe4 Bxe4 12. Qe3 Bb7 13. Qd3 f5 14. Rad1 Nd7 15. Nh4
Bxg2 16. Nxg2 e5 17. dxe5 Nxe5 18. Qd5+ Kh8 19. Nf4 Qe7 20. Rd2 a5 21. Rfd1
Rae8 22. Qb7 Rb8 23. Qd5 Rfe8 24. Qd4 Qf7 25. Qc3 Ng4 26. Rd5 {/\26..Nf6 27.
Rxf5} Kg8 27. Qf3 Rf8 28. R5d4 Rbe8 29. h4 {/\Qd5} Re5 30. Nd3 Re7 31. e3 Rfe8
32. Qd5 g6 33. Qxf7+ Rxf7 34. a3 Nf6 35. Nf4 Ne4 36. Kg2 Kg7 37. Rc1 h6 38. Ne2
g5 39. hxg5 hxg5 40. Rdd1 Kg6 41. Nc3 Rh7 42. Nxe4 fxe4 43. Rh1 Rxh1 44. Rxh1
Re5 45. Rd1 g4 46. Kf1 Rc5 47. Rd4 Kf5 48. Ke1 b5 49. a4 b4 50. Kd2 Re5 51. Kd1
Ke6 52. Ke2 c5 53. Rd1 Rh5 54. Rd2 Kd7 (54... Rh1 55. Rd1 $1 Rxd1 56. Kxd1 d5
57. Kd2 $10) 55. Rd1 Kc6 56. Rd2 d5 57. Rd1 (57. cxd5+ Rxd5 58. Rxd5 (58. Rb2
Rd3 {/\..c4, ..Kc5}) 58... Kxd5 {/\..c4 -+}) 57... dxc4 58. bxc4 Rh8 59. Rb1
Rb8 60. Kd2 Rf8 61. Rf1 Rd8+ 62. Kc2 Rd3 63. Rh1 (63. Kb2 $3 Rc3 (63... Rd2+
64. Kb3 Kd6 65. Rh1 Rxf2 66. Rh6+ $10 {/\ Patt}) 64. Rc1) 63... Rc3+ (63... Ra3
64. Rh6+ Kd7 65. Rh7+ Ke6 66. Rh6+ Kf7 67. Rh7+ Kg6 68. Rc7 Rc3+ (68... Rxa4
69. Rxc5 Ra2+ 70. Kb3 Rxf2 $10 (70... Ra3+ 71. Kb2 a4 72. Rb5 Rb3+ 73. Ka2 Kf6
74. Ra5 Ra3+ 75. Kb2 Ke6 76. Rb5 $10)) 69. Kb2 Rxc4 70. Ra7 Rc3 71. Rxa5 {
s. Partieverlauf}) 64. Kb2 Rxc4 65. Rh6+ Kd5 66. Rh5+ Ke6 67. Rh6+ Kf5 68. Rh5+
Kf6 (68... Kg6 69. Rh8 Rc3 70. Ra8 Kf5 71. Rxa5 Ke5 72. Ra8 Kd5 73. a5 Kc4 (
73... Kc6 74. a6 Rd3 (74... Ra3 75. a7 Kb7 76. Re8 c4 77. Rb8+ $1) 75. a7 Kb7
76. Rc8 $10) 74. a6 Ra3 75. a7 Ra6 76. Re8 {s. Partieverlauf}) 69. Rh6+ Kg5 70.
Ra6 Kf5 71. Rxa5 Rc3 72. Ra8 Ke5 (72... c4 73. a5 Ra3 74. a6 c3+ 75. Kc2 Ra2+
76. Kb3 Rb2+ 77. Ka4 c2 78. Rc8 b3 79. a7 $10) 73. a5 Ra3 74. a6 Kd5 75. a7 Kc4
76. Re8 Rxa7 77. Rxe4+ Kd3 78. Rxg4 Rc7 (78... b3 79. Rg8 c4 80. Rd8+ Ke2 81.
Kc3) 79. Rg8 Rf7 (79... c4 80. Rd8+ Ke2 81. Rb8 b3 82. Kc3 Kxf2 83. e4) 80.
Rd8+ Kc4 81. Rd2 b3 82. f4 Kb4 83. Rd8 Rb7 84. f5 c4 85. Rc8 Rd7 86. Rb8+ Kc5
87. Rc8+ Kb4 88. Rb8+ Kc5 89. Rc8+ 1/2-1/2

[Event "World U20-ch22"]
[Site "Belfort"]
[Date "1983.08.14"]
[Round "3"]
[White "Dlugy, Maxim"]
[Black "Adianto, Utut"]
[Result "1/2-1/2"]
[WhiteElo "2450"]
[BlackElo "2385"]
[Annotator "Bulletin/Primel,D"]
[PlyCount "50"]
[EventDate "1983.08.12"]
[EventType "swiss"]
[EventRounds "13"]
[EventCountry "FRA"]
[SourceTitle "EXT 2016"]
[Source "ChessBase"]
[SourceDate "2015.10.08"]
[SourceVersion "1"]
[SourceVersionDate "2015.10.08"]
[SourceQuality "1"]
[TimeControl "40/9000:16/5400:0"]

1. d4 Nf6 2. c4 e6 3. Nf3 b6 4. g3 Ba6 5. Qa4 Bb7 6. Bg2 Be7 {c5 est la grande
ligne mais c'est probablement une simple transposition} (6... c5 {Dlugy,M 
(2455)-Saeed,S (2390) 22th Wch U20 1983 (11) 1-0}) 7. O-O O-O 8. Nc3 c5 9. dxc5
(9. Rd1 {[%cal Gd1d8]}) 9... Bxc5 $146 (9... bxc5 {[%csl Gd4] L'alternative}
10. Rd1 Qb6 (10... d6 {Antoshin,V-Szabo,L Alekhine Memorial 1963 (10) 1/2}) 11.
Bf4 d6 12. Rd2 (12. Rab1 {[%csl Rb2]}) 12... Nc6 13. Bxd6 Bxd6 14. Rxd6 Qxb2
$36 {[%csl Rc4];Karpov,A (2730)-Polugaevsky,L (2610) Biel 1990 (5) 1-0}) 10.
Bf4 Nc6 11. Rad1 $32 {Les Noirs ont des difficultés à terminer le
développement et notamment pour trouver une bonne case pour la Q} a6 12. Rd2 (
12. Bd6) 12... Qc8 13. Rfd1 Na5 {[%csl Rc4]} 14. Ne5 Bxg2 15. Kxg2 Be7 16. Nxd7
(16. c5 $142 $1 Qxc5 17. Nxd7 Nxd7 18. Rxd7 Qc6+ 19. Qxc6 Nxc6 20. Bd6 {
[%csl Rb6]} Bxd6 21. R1xd6 $36 (21. R7xd6 Rfc8 22. Na4 Rab8 23. Rc1 $36)) 16...
Nxc4 {Début d'une série d'échange qui va applanir la position} 17. Nxf8 Nxd2
18. Nxh7 Nc4 19. Nxf6+ Bxf6 20. Qb3 Qc6+ 21. f3 Nxb2 22. Rc1 Nc4 23. Ne4 b5 24.
Nxf6+ gxf6 25. Qd3 e5 1/2-1/2

[Event "World U20-ch22"]
[Site "Belfort"]
[Date "1983.08.24"]
[Round "11"]
[White "Dlugy, Maxim"]
[Black "Saeed, Saeed Ahmed"]
[Result "1-0"]
[WhiteElo "2450"]
[BlackElo "2390"]
[Annotator "Bulletin/Primel,D"]
[PlyCount "73"]
[EventDate "1983.08.12"]
[EventType "swiss"]
[EventRounds "13"]
[EventCountry "FRA"]
[SourceTitle "EXT 2004"]
[Source "ChessBase"]
[SourceDate "2003.11.25"]
[SourceVersion "1"]
[SourceVersionDate "2003.11.25"]
[SourceQuality "1"]

1. d4 Nf6 2. c4 e6 3. Nf3 b6 4. g3 Ba6 5. Qa4 Bb7 6. Bg2 c5 (6... Be7 {Dlugy,
M-Adianto,U 22th Wch U20 1983 (3) 1/2}) 7. dxc5 {L'américain a utilisé
plusieurs fois cette variante solide pendant le tournoi} (7. O-O cxd4 $11) 7...
Bxc5 (7... bxc5 {Donne des positions plus déséquilibrées pour jouer pour le
gain}) 8. Nc3 O-O 9. O-O a6 $2 (9... Be7 {[%cal Gb8a6,Ga6c5]}) 10. Bf4 Be7 11.
Rfd1 d6 12. Rd2 Qc7 13. Rc1 Rc8 14. Qd1 Ne8 15. b3 b5 $2 {La poussée
thématique mais réalisée dans des mauvaises conditions à cause du retard
de développement des Noirs} (15... Nd7 16. Rdc2 Nc5 $132 {[%cal Gc5e4]} (16...
Bc6 {[%cal Gc7b7,Gb6b5]} 17. Nd5)) 16. cxb5 Qa5 17. Rdc2 Nd7 18. bxa6 Bxa6 19.
Nd4 d5 20. Na4 Ba3 21. Bd2 Qd8 22. Rxc8 Bxc8 23. Rc2 Ba6 24. Nc6 Qf6 25. Bc3
Qg6 26. Bb4 Bxb4 27. Nxb4 Bb7 28. e4 Rd8 29. exd5 exd5 30. Rd2 Ndf6 31. Nc3 Nc7
32. Bxd5 Ncxd5 33. Nbxd5 Re8 34. Re2 Kf8 35. Rxe8+ Nxe8 36. Qd4 Qd6 37. Qb4 1-0

[Event "Tashkent FIDE GP"]
[Site "Tashkent"]
[Date "2014.10.24"]
[Round "4"]
[White "Vachier Lagrave, Maxime"]
[Black "Karjakin, Sergey"]
[Result "1/2-1/2"]
[WhiteElo "2757"]
[BlackElo "2767"]
[Annotator "CB"]
[PlyCount "101"]
[EventDate "2014.10.21"]
[EventType "tourn"]
[EventRounds "11"]
[EventCountry "UZB"]
[EventCategory "21"]
[SourceTitle "CBM 163"]
[Source "ChessBase"]
[SourceDate "2014.11.11"]
[SourceVersion "1"]
[SourceVersionDate "2014.11.11"]
[SourceQuality "1"]

1. d4 Nf6 2. c4 e6 3. Nf3 b6 4. g3 Ba6 5. Qb3 {It seems as if this move is
gaining quite some speed in the chess fashion world.} Nc6 6. Nbd2 Na5 7. Qc3 c5
8. dxc5 bxc5 9. e4 Bb7 10. e5 Ne4 11. Nxe4 Bxe4 12. Bg2 Nc6 13. O-O Rb8 14. b3
Be7 15. Bb2 O-O 16. Qe3 $14 {White seems to have a little pressure with the
open d-file and the potential weakness of c5.} Bxf3 $5 {A typical Karjakin
move. He is willing to go down a pawn to somehow hold an opposite colored
bishop position.} 17. Bxf3 Nd4 18. Bxd4 cxd4 19. Qxd4 Qc7 20. Rad1 Rfd8 21. Qe4
Qa5 22. Qe2 d6 23. exd6 Bxd6 24. h4 Bc5 25. Kg2 Qc7 26. Qe4 a5 27. h5 h6 28.
Be2 Kf8 29. f4 Rxd1 30. Rxd1 Rd8 31. f5 Rxd1 32. Bxd1 {With every piece trade
Black comes closer to h is goal. The blockade in the queenside is permanent.}
Ke7 (32... exf5 $11) 33. Bg4 Qd6 34. fxe6 fxe6 {With o nly one weakness to
latch onto there is very little MVL can do.} 35. Kh3 Bd4 36. Qb7+ Kf6 37. a3
Bc5 38. Qf3+ Ke7 39. Qc3 Kf7 40. Qxa5 Bxa3 41. Qe1 Bc5 42. Qb1 Ke7 43. Qe4 Bb4
44. Bf5 Bc5 45. Bg6 Kd8 46. Qa8+ Kc7 47. b4 Bxb4 48. Qa7+ Kc8 49. Qxg7 Qf8 50.
Qa1 Qf3 51. Qa6+ 1/2-1/2